000 00983nam a2200241 i 4500
001 183087
003 ES-MaACL
005 20250822053258.0
008 140115s1985 mx |||| | spa d
020 _a968-29-0837-X
080 _a821.134.2(72)-14"19"(082.2)
245 0 0 _aPoesía en movimiento :
_bMéxico, 1915-1966 /
_cselección y notas de Octavio Paz ... [et al.] ; prólogo de Octavio Paz.
250 _a1ª ed. en Lecturas Mexicanas.
260 _aMéxico, D.F. :
_bSiglo Veintiuno :
_bDirección General de Publicaciones del Consejo Nacional para la Cultura y las Artes,
_c1985.
300 _a2 v. ;
_c21 cm.
490 1 _aLecturas mexicanas ;
_v2ª ser., 4-5
504 _aReferencias bibliográficas.
650 4 _aPoesía mexicana-
_yS.XX
_916236
700 1 _aPaz, Octavio,
_d1914-1998
_989753
830 1 0 _aLecturas mexicanas
_v2ª ser., 4-5
_9224935
852 _aES-MaACL
_jL-29912-13
_z- Donat. Miguel A. Velasco
999 _c183087
_d183087